[Event "OLNN 1920 SF Schwerin - Schachfreunde H"]
[Site "?"]
[Date "2019.09.29"]
[Round "1.1"]
[White "Ritscher, Jan-Paul"]
[Black "Brynell, Stellan"]
[Result "0-1"]
[WhiteElo "2234"]
[BlackElo "2408"]
[PlyCount "64"]
[EventDate "2019.??.??"]

1. d4 e6 2. Nf3 Nf6 3. g3 b6 4. Bg2 Bb7 5. c4 Be7 6. O-O O-O 7. Nbd2 c5 8. Qc2
cxd4 9. Nxd4 Bxg2 10. Kxg2 Qc8 11. e4 Nc6 12. N2f3 Nxd4 13. Nxd4 Qb7 14. f3
Rac8 15. Qe2 a6 16. Bg5 h6 17. Bxf6 Bxf6 18. Rfd1 Rc5 19. a4 Qc7 20. b3 d5 21.
exd5 exd5 22. cxd5 Rd8 23. Rab1 Rcxd5 24. Nc2 Qc3 25. Rxd5 Rxd5 26. Qe8+ Kh7
27. Qe4+ g6 28. Na3 Re5 29. Qf4 Rf5 30. Qe4 Qd2+ 31. Kh1 Rh5 32. h4 Qf2 0-1

[Event "OLNN 1920 SF Schwerin - Schachfreunde H"]
[Site "?"]
[Date "2019.09.29"]
[Round "1.2"]
[White "Schulz, Karsten"]
[Black "Hermesmann, Hans"]
[Result "1-0"]
[WhiteElo "2272"]
[BlackElo "2237"]
[PlyCount "59"]
[EventDate "2019.??.??"]

1. Nf3 g6 2. d4 Bg7 3. g3 Nf6 4. Bg2 O-O 5. O-O d6 6. b3 Nbd7 7. Bb2 e5 8. dxe5
Ng4 9. c4 dxe5 10. Qc2 Qe7 11. Ba3 Nc5 12. Nc3 c6 13. Nd2 Bd7 14. Nde4 b6 15.
Nxc5 bxc5 16. Na4 Qg5 17. Nxc5 Bf5 18. Ne4 Bxe4 19. Qxe4 Rfc8 20. Rad1 f5 21.
Qc2 e4 22. Rd7 c5 23. Bc1 Qh5 24. h3 Ne5 25. Rxg7+ Kxg7 26. Bb2 Re8 27. f4 exf3
28. exf3 Kf8 29. f4 Nf7 30. Qc3 1-0

[Event "OLNN 1920 SF Schwerin - Schachfreunde H"]
[Site "?"]
[Date "2019.09.29"]
[Round "1.3"]
[White "Hourigan, Gerrit"]
[Black "De Jong, Migchiel"]
[Result "1-0"]
[WhiteElo "2198"]
[BlackElo "2330"]
[PlyCount "95"]
[EventDate "2019.??.??"]

1. Nf3 c5 2. c4 Nf6 3. Nc3 d5 4. cxd5 Nxd5 5. e3 e6 6. d4 Nc6 7. Bd3 cxd4 8.
exd4 Be7 9. O-O O-O 10. a3 Bf6 11. Be3 Nxc3 12. bxc3 b6 13. Qe2 Bb7 14. Rfd1
Qe7 15. Bf4 Rfd8 16. Qe3 Rd5 17. Be4 Rd7 18. a4 Rc8 19. Re1 Na5 20. Ng5 Bxg5
21. Bxg5 Qe8 22. Bf5 Qf8 23. Bd3 Bd5 24. Qh3 f5 25. Ba6 Ra8 26. Bf4 Qf7 27. Qd3
Nc6 28. f3 Ne7 29. a5 Ng6 30. Bg3 f4 31. Bf2 Rad8 32. c4 Ba8 33. Bb5 Rd6 34.
Qe2 Bc6 35. Ba6 Bb7 36. Bb5 Bc6 37. Ba6 Bb7 38. axb6 Bxa6 39. Rxa6 axb6 40. Qa2
h6 41. Rb1 Qc7 42. Ra7 Qc6 43. h3 Rc8 44. c5 bxc5 45. Rbb7 Qe8 46. Rxg7+ Kf8
47. Qb1 cxd4 48. Qb7 1-0

[Event "OLNN 1920 SF Schwerin - Schachfreunde H"]
[Site "?"]
[Date "2019.09.29"]
[Round "1.4"]
[White "Reichmann, Hendrik"]
[Black "Jaeckle, Marco"]
[Result "1-0"]
[WhiteElo "2341"]
[BlackElo "2242"]
[PlyCount "79"]
[EventDate "2019.??.??"]

1. c4 e5 2. g3 Nc6 3. Bg2 h6 4. e3 Nf6 5. Nc3 Bb4 6. Nge2 O-O 7. a3 Bxc3 8.
Nxc3 d6 9. b4 Bg4 10. Qb3 Qd7 11. h3 Be6 12. Bb2 a5 13. b5 Nd8 14. a4 c6 15. g4
d5 16. bxc6 bxc6 17. cxd5 Nxd5 18. Nxd5 Bxd5 19. Bxd5 cxd5 20. Bxe5 Nc6 21. Bg3
f5 22. Rc1 Kh8 23. Rc5 Rad8 24. Qb5 Rf6 25. O-O fxg4 26. Rfc1 Nb4 27. Qxa5 Nd3
28. Qxd8+ Qxd8 29. Rc8 Rf8 30. Rxd8 Rxd8 31. Rc3 Nb2 32. hxg4 d4 33. Rc7 dxe3
34. dxe3 Rd5 35. Ra7 Rg5 36. f3 Nc4 37. e4 Rg6 38. Rc7 Na5 39. Be1 Nc6 40. Kf2
1-0

[Event "OLNN 1920 SF Schwerin - Schachfreunde H"]
[Site "?"]
[Date "2019.09.29"]
[Round "1.5"]
[White "Kluenger, Marc"]
[Black "Grahl, Arvid"]
[Result "0-1"]
[WhiteElo "2213"]
[BlackElo "2167"]
[PlyCount "108"]
[EventDate "2019.??.??"]

1. Nf3 Nf6 2. c4 g6 3. b3 Bg7 4. Bb2 c5 5. g3 O-O 6. Bg2 Nc6 7. O-O d5 8. cxd5
Nxd5 9. Bxg7 Kxg7 10. Qc2 b6 11. Rd1 e5 12. Nxe5 Nxe5 13. Qe4 Qf6 14. Qxd5 Be6
15. Qe4 Ng4 16. Na3 Qxf2+ 17. Kh1 Rad8 18. Rf1 Bd5 19. Qxd5 Rxd5 20. Rxf2 Nxf2+
21. Kg1 Rf5 22. h3 Re8 23. Nc4 Rxe2 24. Bf1 Re6 25. Ne3 Rff6 26. Nd5 Ne4 27.
Nxf6 Rxf6 28. Bg2 Nxg3 29. Bd5 Rd6 30. Bc4 Rxd2 31. a4 Ne4 32. a5 Nd6 33. Bf1
g5 34. axb6 axb6 35. Ra6 b5 36. Rc6 c4 37. bxc4 bxc4 38. Bxc4 Nxc4 39. Rxc4 h5
40. Rc5 Kg6 41. Ra5 g4 42. Rb5 Rd3 43. hxg4 hxg4 44. Kg2 f5 45. Rb8 Kg5 46. Rb5
g3 47. Rb8 Kg4 48. Rg8+ Kf4 49. Ra8 Rd2+ 50. Kg1 Kg4 51. Ra4+ Kh3 52. Ra1 f4
53. Kh1 f3 54. Rg1 Rh2# 0-1

[Event "OLNN 1920 SF Schwerin - Schachfreunde H"]
[Site "?"]
[Date "2019.09.29"]
[Round "1.6"]
[White "Westphal, Wolfgang"]
[Black "Dietz, Juergen"]
[Result "0-1"]
[WhiteElo "2164"]
[BlackElo "2174"]
[PlyCount "94"]
[EventDate "2019.??.??"]

1. e4 e6 2. Nf3 d5 3. e5 c5 4. b4 cxb4 5. d4 Ne7 6. a3 Nf5 7. axb4 Bxb4+ 8. c3
Be7 9. Bd3 Nc6 10. h4 h5 11. g3 Rb8 12. Ng5 b5 13. Qf3 b4 14. Be3 bxc3 15. O-O
Bxg5 16. Bxf5 Bxe3 17. Bg6 fxg6 18. fxe3 Qe7 19. Nxc3 Rf8 20. Qe2 a6 21. Qc2
Rf5 22. Nxd5 Qd7 23. Nf4 Nxd4 24. exd4 Qxd4+ 25. Qf2 Qxf2+ 26. Rxf2 Rb3 27. Rc1
Bb7 28. Kh2 g5 29. hxg5 Rxg5 30. Rc7 Rb1 31. Ng2 Rf5 32. Rd2 Rff1 33. g4 Rh1+
34. Kg3 Rb3+ 35. Kf4 Rb4+ 36. Ke3 Rh3+ 37. Kf2 Rh2 38. Kg1 Rxg2+ 39. Rxg2 Bxg2
40. Kxg2 Rxg4+ 41. Kf3 g5 42. Rc6 Kf7 43. Rxa6 Rf4+ 44. Ke3 h4 45. Rb6 h3 46.
Rb2 Kg6 47. Rh2 Ra4 0-1

[Event "OLNN 1920 SF Schwerin - Schachfreunde H"]
[Site "?"]
[Date "2019.09.29"]
[Round "1.7"]
[White "Zimmermann, Martin"]
[Black "Heinsohn, Wilfried"]
[Result "1/2-1/2"]
[WhiteElo "2149"]
[BlackElo "2147"]
[PlyCount "40"]
[EventDate "2019.??.??"]

1. d4 Nf6 2. Nf3 g6 3. g3 Bg7 4. Bg2 O-O 5. O-O d6 6. c4 Nbd7 7. Nc3 e5 8. dxe5
dxe5 9. e4 c6 10. Qe2 Qc7 11. b3 Re8 12. Bb2 Bf8 13. Rad1 a5 14. h3 Nc5 15. Kh2
a4 16. Qc2 axb3 17. axb3 Qb6 18. Nd2 Bh6 19. Na4 Nxa4 20. bxa4 Qa6 1/2-1/2

[Event "OLNN 1920 SF Schwerin - Schachfreunde H"]
[Site "?"]
[Date "2019.09.29"]
[Round "1.8"]
[White "Rittemann, Steffen"]
[Black "Gremmel, Jonas Simon"]
[Result "1/2-1/2"]
[WhiteElo "2144"]
[BlackElo "2001"]
[PlyCount "21"]
[EventDate "2019.??.??"]

1. e4 e5 2. Bc4 Nc6 3. Nc3 Bc5 4. Qg4 g6 5. Qg3 d6 6. Nf3 Nf6 7. Ng5 O-O 8. Qh4
Nd4 9. Nd5 h5 10. c3 Ne6 11. d3 1/2-1/2

[Event "OLNN 1920 SC Königsspringer HH - SK No"]
[Site "?"]
[Date "2019.09.29"]
[Round "1.1"]
[White "Ostrovskiy, Andrey"]
[Black "Pfreundt, Jakob"]
[Result "1/2-1/2"]
[WhiteElo "2423"]
[BlackElo "2413"]
[PlyCount "90"]
[EventDate "2019.??.??"]

1. e4 e5 2. Nf3 Nc6 3. Bb5 Nf6 4. d3 d6 5. c3 a6 6. Ba4 Bd7 7. O-O g6 8. Re1
Bg7 9. Nbd2 O-O 10. Nf1 b5 11. Bb3 Na5 12. Bc2 c5 13. Bg5 h6 14. Bh4 Nc6 15.
Ne3 Be6 16. a4 Qd7 17. Qd2 Kh7 18. Bxf6 Bxf6 19. Nd5 Bxd5 20. exd5 Ne7 21. d4
exd4 22. cxd4 Nf5 23. dxc5 dxc5 24. Ne5 Qd6 25. Nc6 Nd4 26. Nxd4 Bxd4 27. Bd3
Kg7 28. axb5 axb5 29. Bxb5 Rxa1 30. Rxa1 Rb8 31. Qd3 Qb6 32. Bc4 Qxb2 33. Rf1
Rb6 34. Kh1 Rf6 35. f4 Qc3 36. Qxc3 Bxc3 37. g3 Rb6 38. Rc1 Bd4 39. Rc2 h5 40.
Kg2 Kf6 41. Re2 g5 42. fxg5+ Kxg5 43. Kf3 f5 44. Re6 Rxe6 45. dxe6 Kf6 {(=)}
1/2-1/2

[Event "OLNN 1920 SC Königsspringer HH - SK No"]
[Site "?"]
[Date "2019.09.29"]
[Round "1.2"]
[White "Zimmermann, Julian"]
[Black "Kopylov, Michael"]
[Result "1/2-1/2"]
[WhiteElo "2302"]
[BlackElo "2398"]
[PlyCount "27"]
[EventDate "2019.??.??"]

1. e4 e6 2. d4 d5 3. Nd2 dxe4 4. Nxe4 Nd7 5. g3 Ngf6 6. Nxf6+ Nxf6 7. Bg2 e5 8.
dxe5 Qxd1+ 9. Kxd1 Ng4 10. Nh3 Nxe5 11. Bf4 f6 12. Bxe5 fxe5 13. Ng5 Be7 14.
Ne4 {(=)} 1/2-1/2

[Event "OLNN 1920 SC Königsspringer HH - SK No"]
[Site "?"]
[Date "2019.09.29"]
[Round "1.3"]
[White "Trent, Lawrence"]
[Black "Rosmann, Ilja"]
[Result "1-0"]
[WhiteElo "2383"]
[BlackElo "2292"]
[PlyCount "49"]
[EventDate "2019.??.??"]

1. e4 e6 2. d4 d5 3. Nd2 Nf6 4. e5 Nfd7 5. c3 c5 6. Bd3 Nc6 7. Ngf3 cxd4 8.
cxd4 f6 9. exf6 Nxf6 10. O-O Bd6 11. Re1 O-O 12. Nb3 Bd7 13. Ne5 Qc7 14. Qe2
Rae8 15. Bg5 Re7 16. Rac1 Be8 17. Bb1 Qb6 18. Be3 Qd8 19. Bd2 Bh5 20. Qe3 Qe8
21. f3 Bxe5 22. dxe5 Nd7 23. Qg5 Bg6 24. Bxg6 Qxg6 25. Rxc6 1-0

[Event "OLNN 1920 SC Königsspringer HH - SK No"]
[Site "?"]
[Date "2019.09.29"]
[Round "1.4"]
[White "Dettmann, Steffen"]
[Black "Petrosian, Suren"]
[Result "0-1"]
[WhiteElo "2202"]
[BlackElo "2363"]
[PlyCount "80"]
[EventDate "2019.??.??"]

1. e4 c5 2. Nf3 Nc6 3. Be2 g6 4. c3 Nf6 5. d3 Bg7 6. O-O O-O 7. h3 d5 8. Qc2
Qc7 9. Bg5 Rd8 10. Nbd2 h6 11. Be3 b6 12. Rfe1 Nh5 13. exd5 Rxd5 14. Nh2 Ba6
15. Nc4 Rad8 16. Rad1 Nf4 17. Bxf4 Qxf4 18. Bf3 Bxc4 19. dxc4 Rxd1 20. Rxd1
Rxd1+ 21. Qxd1 Ne5 22. Be2 Nxc4 23. Qa4 Qc1+ 24. Nf1 Nxb2 25. Qxa7 Bxc3 26.
Qxb6 Bd4 27. Qa5 Qf4 28. Qa8+ Kg7 29. Qf3 Qxf3 30. Bxf3 f5 31. Nd2 c4 32. Nb1
c3 33. Na3 Nd3 34. Nc2 Bxf2+ 35. Kf1 Bc5 36. Ke2 Nc1+ 37. Kd1 Nxa2 38. Bd5 Nb4
39. Nxb4 Bxb4 40. Bb3 e5 0-1

[Event "OLNN 1920 SC Königsspringer HH - SK No"]
[Site "?"]
[Date "2019.09.29"]
[Round "1.5"]
[White "Hagenstein, Frank"]
[Black "Borgmeyer, Max"]
[Result "1/2-1/2"]
[WhiteElo "2246"]
[BlackElo "2178"]
[PlyCount "29"]
[EventDate "2019.??.??"]

1. d4 Nf6 2. c4 e6 3. g3 b6 4. Bg2 c6 5. Nf3 Bb4+ 6. Bd2 Be7 7. O-O d5 8. b3
O-O 9. Bc3 Ba6 10. Nbd2 Nbd7 11. Re1 Rc8 12. e4 dxe4 13. Nxe4 Nxe4 14. Rxe4 b5
15. c5 1/2-1/2

[Event "OLNN 1920 SC Königsspringer HH - SK No"]
[Site "?"]
[Date "2019.09.29"]
[Round "1.6"]
[White "Wagner, Friedrich"]
[Black "Michna, Christian"]
[Result "1/2-1/2"]
[WhiteElo "2137"]
[BlackElo "2239"]
[PlyCount "87"]
[EventDate "2019.??.??"]

1. c4 g6 2. g3 Bg7 3. Bg2 d6 4. Nc3 e5 5. e4 Nc6 6. Nge2 Nge7 7. d3 O-O 8. O-O
Rb8 9. Rb1 Nd4 10. b4 Bg4 11. f3 Be6 12. Be3 c6 13. f4 Qd7 14. Qd2 Rbd8 15. b5
Bg4 16. a4 d5 17. cxd5 cxd5 18. fxe5 Nxe2+ 19. Nxe2 dxe4 20. Bxe4 Bxe5 21. Nf4
Nf5 22. Bxa7 Nd4 23. Kh1 Rfe8 24. Bxd4 Bxd4 25. Qg2 g5 26. Nd5 f5 27. Qa2 Kh8
28. Qc4 Bg7 29. Bg2 Re2 30. Rbe1 f4 31. gxf4 Rxg2 32. Kxg2 Bh3+ 33. Kf2 h6 34.
Ne3 gxf4 35. Nc2 Rc8 36. Qb3 Rc3 37. Qa2 Rxd3 38. Qc4 Rc3 39. Qe4 Bxf1 40. Kxf1
Qh3+ 41. Kg1 f3 42. Qe8+ Kh7 43. Qe4+ Kh8 44. Qe8+ {(=)} 1/2-1/2

[Event "OLNN 1920 SC Königsspringer HH - SK No"]
[Site "?"]
[Date "2019.09.29"]
[Round "1.7"]
[White "Meyer, Falko"]
[Black "Lock, Adrian"]
[Result "1/2-1/2"]
[WhiteElo "2202"]
[BlackElo "2066"]
[PlyCount "139"]
[EventDate "2019.??.??"]

1. d4 d5 2. Nc3 Nf6 3. Bg5 e6 4. e4 dxe4 5. Bxf6 gxf6 6. Nxe4 Nd7 7. g3 Bg7 8.
Bg2 O-O 9. Nf3 f5 10. Nc3 c5 11. O-O cxd4 12. Nxd4 a6 13. Nde2 Qc7 14. Qc1 Ne5
15. Nf4 Ng4 16. Nh5 Bh6 17. Qe1 Rd8 18. Rd1 Bd7 19. h3 Ne5 20. Nf6+ Kg7 21.
Nxd7 Nxd7 22. Qe2 Nf6 23. Rxd8 Rxd8 24. Rd1 Rc8 25. Rd3 b5 26. a3 Bc1 27. b3
Bxa3 28. Nb1 Bb4 29. c3 Be7 30. g4 fxg4 31. hxg4 Qf4 32. Nd2 Rc5 33. Rd4 Qe5
34. Qxe5 Rxe5 35. Bb7 Bc5 36. Rf4 Re2 37. Nf1 e5 38. Rf5 Rxf2 39. Rxf2 Nxg4 40.
Bxa6 Bxf2+ 41. Kg2 Be1 42. Kf3 Nf6 43. c4 bxc4 44. bxc4 Bb4 45. Ng3 Kg6 46. Bc8
h6 47. Bf5+ Kg5 48. Bc8 Kg6 49. Bf5+ Kg7 50. Ne4 Nh7 51. c5 Nf6 52. Nxf6 Kxf6
53. c6 Bd6 54. Ke4 Bc7 55. Bc8 Kg5 56. Bd7 Kh4 57. Kf3 Kg5 58. Ke4 h5 59. Bc8
Bb8 60. Bd7 Kf6 61. Bc8 Ke7 62. Kd5 Bc7 63. Bh3 Kf6 64. Ke4 Kg5 65. Bd7 Kh4 66.
Kf3 e4+ 67. Kxe4 Kg3 68. Kf5 Bd8 69. c7 Bxc7 70. Kf6 {(=)} 1/2-1/2

[Event "OLNN 1920 SC Königsspringer HH - SK No"]
[Site "?"]
[Date "2019.09.29"]
[Round "1.8"]
[White "Lampe, Joerg"]
[Black "Bohnsack, Ralf"]
[Result "1/2-1/2"]
[WhiteElo "2114"]
[BlackElo "2154"]
[PlyCount "54"]
[EventDate "2019.??.??"]

1. e4 c5 2. Nf3 Nc6 3. c3 d5 4. exd5 Qxd5 5. d4 cxd4 6. cxd4 e5 7. Nc3 Bb4 8.
Bd2 Bxc3 9. Bxc3 exd4 10. Nxd4 Nf6 11. Be2 O-O 12. O-O Ne4 13. Nxc6 Qxc6 14.
Rc1 Nxc3 15. Rxc3 Qf6 16. Bf3 Be6 17. Qa4 b5 18. Qxb5 Rab8 19. Qe2 Bxa2 20. Ra1
Rfe8 21. Qc2 Qb6 22. Bc6 Re7 23. Be4 Be6 24. Bxh7+ Kf8 25. Bf5 Qxb2 26. Qxb2
Rxb2 27. Bxe6 fxe6 {(=)} 1/2-1/2

[Event "OLNN 1920 Hamburger SK III - SC Diogene"]
[Site "?"]
[Date "2019.09.29"]
[Round "1.1"]
[White "Schulenburg, Fabian"]
[Black "Gaede, Derek"]
[Result "1-0"]
[WhiteElo "2291"]
[BlackElo "2281"]
[PlyCount "81"]
[EventDate "2019.??.??"]

1. e4 e6 2. d4 d5 3. e5 c5 4. c3 Nc6 5. Nf3 Bd7 6. Be2 Nge7 7. O-O cxd4 8. cxd4
Nf5 9. Nc3 Rc8 10. Be3 Be7 11. Bd3 Nxe3 12. fxe3 O-O 13. Rc1 f6 14. exf6 Rxf6
15. a3 Be8 16. b4 Bh5 17. Qe1 a5 18. b5 Nb8 19. Ne2 Bxa3 20. Rxc8 Qxc8 21. Qxa5
Qf8 22. Nf4 Bxf3 23. Rxf3 Bb4 24. Qa7 Qc8 25. Qa1 Bd2 26. Kf2 Nd7 27. Ke2 Qc1
28. Rf1 Qxa1 29. Rxa1 Bc3 30. Ra7 Bxd4 31. Rxb7 Nf8 32. Nxd5 exd5 33. exd4 Rd6
34. Kd2 Nd7 35. Kc3 g6 36. Kb4 Kf8 37. Ka5 Ke8 38. b6 Kd8 39. Bb5 Kc8 40. Rxd7
Rxd7 41. Bxd7+ 1-0

[Event "OLNN 1920 Hamburger SK III - SC Diogene"]
[Site "?"]
[Date "2019.09.29"]
[Round "1.2"]
[White "Groetzbach, Julian"]
[Black "Kaid, Almar"]
[Result "1/2-1/2"]
[WhiteElo "2237"]
[BlackElo "2257"]
[PlyCount "39"]
[EventDate "2019.??.??"]

1. e4 e6 2. d4 d5 3. Nd2 dxe4 4. Nxe4 Nd7 5. g3 b6 6. Bg2 Rb8 7. Nf3 Bb7 8. Qe2
Ngf6 9. Nc3 Be7 10. O-O O-O 11. Rd1 Nd5 12. Ne4 N5f6 13. Neg5 h6 14. Nh3 b5 15.
a4 b4 16. Nf4 Nd5 17. Nxd5 Bxd5 18. c4 bxc3 19. bxc3 Qc8 20. c4 1/2-1/2

[Event "OLNN 1920 Hamburger SK III - SC Diogene"]
[Site "?"]
[Date "2019.09.29"]
[Round "1.3"]
[White "Schulenburg, Torben"]
[Black "Poeck, Ole"]
[Result "1/2-1/2"]
[WhiteElo "2162"]
[BlackElo "2262"]
[PlyCount "136"]
[EventDate "2019.??.??"]

1. d4 d5 2. c4 c6 3. Nf3 Nf6 4. e3 e6 5. b3 Nbd7 6. Nbd2 c5 7. Bb2 cxd4 8. exd4
dxc4 9. bxc4 Qa5 10. Be2 Ba3 11. Bxa3 Qxa3 12. O-O O-O 13. Qb3 Qe7 14. a4 e5
15. Nxe5 Nxe5 16. dxe5 Qxe5 17. Rfe1 Rb8 18. Nf3 Qc7 19. Nd4 Rd8 20. Rad1 Bd7
21. Bf3 Qa5 22. Nb5 a6 23. Nc3 h6 24. Re3 Bc6 25. h3 Rxd1+ 26. Qxd1 Rd8 27. Rd3
Rxd3 28. Qxd3 Qe5 29. Bxc6 bxc6 30. Kf1 h5 31. Nd1 Qa1 32. Qc2 Ne4 33. Ke2 f5
34. Ne3 g6 35. Nd1 Kh7 36. g4 Qe5 37. gxh5 Nxf2+ 38. Kf1 Nxh3 39. hxg6+ Kg7 40.
Qg2 Qf4+ 41. Ke1 Qh4+ 42. Kd2 Qd4+ 43. Ke1 Qe5+ 44. Kf1 Nf4 45. Qf3 Qd4 46. Ne3
Qd3+ 47. Kf2 Qd2+ 48. Kg1 Qe1+ 49. Kh2 Qh4+ 50. Kg1 Qe1+ 51. Kh2 Qd2+ 52. Kh1
Qc1+ 53. Kh2 Qb2+ 54. Kg1 Qe5 55. Kf2 c5 56. Qb7+ Kxg6 57. Qxa6+ Kg5 58. Qb7
Nd3+ 59. Ke2 Nc1+ 60. Kf2 Nd3+ 61. Ke2 Nc1+ 62. Kf2 Qf4+ 63. Qf3 Nd3+ 64. Ke2
Nc1+ 65. Kf2 Qh4+ 66. Kg2 Qf4 67. a5 Nd3 68. Qxf4+ Nxf4+ 1/2-1/2

[Event "OLNN 1920 Hamburger SK III - SC Diogene"]
[Site "?"]
[Date "2019.09.29"]
[Round "1.4"]
[White "Bracker, Arne"]
[Black "Mach, Holger"]
[Result "1-0"]
[WhiteElo "2224"]
[BlackElo "2233"]
[PlyCount "83"]
[EventDate "2019.??.??"]

1. e4 c5 2. Nf3 Nc6 3. d4 cxd4 4. Nxd4 e5 5. Nb5 d6 6. c4 Be7 7. Bd3 Nf6 8. O-O
O-O 9. N5c3 Nd7 10. Nd5 Bg5 11. Nbc3 Nc5 12. Be3 f5 13. Bxc5 dxc5 14. exf5 Bxf5
15. Bxf5 Rxf5 16. Ne4 Nd4 17. Qg4 Be7 18. Rad1 g6 19. Rfe1 Kg7 20. Ng3 Rg5 21.
Qe4 Bd6 22. Ne3 Qb6 23. h4 Rxg3 24. fxg3 Rf8 25. b3 Qa6 26. Rd2 Qa5 27. Red1
Rf7 28. Ng4 Qc3 29. Qe3 Qxe3+ 30. Nxe3 e4 31. Kh2 h5 32. Kh3 Be5 33. Rf1 Nf5
34. Rdf2 Bd4 35. Nxf5+ gxf5 36. Rxf5 Rxf5 37. Rxf5 e3 38. Rf4 Kg6 39. g4 hxg4+
40. Kxg4 Be5 41. Re4 Bd4 42. Kf3 1-0

[Event "OLNN 1920 Hamburger SK III - SC Diogene"]
[Site "?"]
[Date "2019.09.29"]
[Round "1.5"]
[White "Laqua, Christian"]
[Black "Hinrichs, Lars"]
[Result "0-1"]
[WhiteElo "2115"]
[BlackElo "2256"]
[PlyCount "50"]
[EventDate "2019.??.??"]

1. g3 e5 2. c4 Nf6 3. Bg2 c6 4. d4 e4 5. Nc3 Bb4 6. Bg5 d5 7. Rc1 O-O 8. Qb3
Bxc3+ 9. Rxc3 dxc4 10. Qxc4 Be6 11. Qa4 Qb6 12. Bxf6 Qxb2 13. Rc2 Qb1+ 14. Kd2
gxf6 15. Bxe4 a5 16. Qa3 Rd8 17. e3 Nd7 18. Qb2 Qxb2 19. Rxb2 Ne5 20. Kc3 Nc4
21. Re2 b5 22. Nf3 b4+ 23. Kd3 f5 24. Bxc6 Rac8 25. Ba4 Bd5 0-1

[Event "OLNN 1920 Hamburger SK III - SC Diogene"]
[Site "?"]
[Date "2019.09.29"]
[Round "1.6"]
[White "Bach, Matthias"]
[Black "Gottuk, Stefan"]
[Result "1/2-1/2"]
[WhiteElo "2227"]
[BlackElo "2116"]
[PlyCount "73"]
[EventDate "2019.??.??"]

1. d4 f5 2. e4 fxe4 3. Nc3 Nf6 4. f3 d5 5. Bg5 Bf5 6. fxe4 dxe4 7. Nge2 Nc6 8.
Ng3 Nxd4 9. Nb5 Nxb5 10. Bxb5+ c6 11. Nxf5 Qa5+ 12. Qd2 Qxd2+ 13. Bxd2 cxb5 14.
Nd4 a6 15. a4 e5 16. Nf5 b4 17. a5 Rc8 18. Ke2 Rxc2 19. Rhc1 Rxc1 20. Rxc1 Kd7
21. Rc4 g6 22. Ne3 Be7 23. Bxb4 Rd8 24. g3 Ke6 25. Bxe7 Kxe7 26. Rb4 Rd7 27.
Rb6 Ne8 28. Nc4 Rc7 29. b3 Nf6 30. Ne3 Rd7 31. Ke1 Ne8 32. Nc4 Rc7 33. Ke2 Nf6
34. Ne3 Rd7 35. Ke1 Ne8 36. Nc4 Nf6 37. Ne3 1/2-1/2

[Event "OLNN 1920 Hamburger SK III - SC Diogene"]
[Site "?"]
[Date "2019.09.29"]
[Round "1.7"]
[White "Apitzsch, Leon Fabian"]
[Black "Zieher, Hartmut"]
[Result "1/2-1/2"]
[WhiteElo "1963"]
[BlackElo "2151"]
[PlyCount "57"]
[EventDate "2019.??.??"]

1. e4 e5 2. Nf3 Nc6 3. c3 Nf6 4. d4 Nxe4 5. d5 Ne7 6. Nxe5 Ng6 7. Qe2 Qe7 8.
Qxe4 Qxe5 9. Bd3 Be7 10. Be3 O-O 11. Nd2 c6 12. f4 Qxe4 13. Bxe4 f5 14. Bc2 d6
15. O-O-O c5 16. g3 b5 17. h4 Bf6 18. Nf3 Bd7 19. Ng5 Ne7 20. g4 Bxg5 21. hxg5
g6 22. gxf5 Bxf5 23. b3 Bg4 24. Rd2 Bf3 25. Rf1 Bxd5 26. Rfd1 Bf3 27. Rf1 Bd5
28. Rfd1 Bf3 29. Rf1 1/2-1/2

[Event "OLNN 1920 Hamburger SK III - SC Diogene"]
[Site "?"]
[Date "2019.09.29"]
[Round "1.8"]
[White "Rogozenco, Teodora"]
[Black "Kalla, Christian"]
[Result "1-0"]
[WhiteElo "1977"]
[BlackElo "1999"]
[PlyCount "61"]
[EventDate "2019.??.??"]

1. d4 Nf6 2. c4 g6 3. Nc3 d5 4. Bg5 Ne4 5. Nxe4 dxe4 6. Qc2 h6 7. Be3 Bf5 8. g4
Bxg4 9. Qxe4 Qc8 10. Bg2 c6 11. Qe5 Rg8 12. Nf3 Bh3 13. Bxh3 Qxh3 14. O-O-O Na6
15. d5 Bg7 16. Qe4 Qf5 17. Qxf5 gxf5 18. dxc6 bxc6 19. Rhg1 c5 20. Kb1 Rb8 21.
b3 Rb6 22. Nh4 Rf6 23. Bf4 Re6 24. Nxf5 Rg6 25. Rxg6 fxg6 26. Nxg7+ Rxg7 27.
Bxh6 Rh7 28. Bf4 g5 29. Bg3 Nb4 30. e3 e6 31. Rd6 1-0

[Event "OLNN 1920 Lübecker SV - SK Doppelbauer"]
[Site "?"]
[Date "2019.09.29"]
[Round "1.1"]
[White "Arndt, Magnus"]
[Black "Kalinitschew, Sergey"]
[Result "1/2-1/2"]
[WhiteElo "2312"]
[BlackElo "2437"]
[PlyCount "98"]
[EventDate "2019.??.??"]

1. d4 Nf6 2. Bf4 d6 3. Nc3 Nbd7 4. Nf3 c5 5. e3 a6 6. a4 g6 7. Be2 Bg7 8. h3
O-O 9. O-O b6 10. Qd2 Bb7 11. d5 Ne8 12. e4 Ne5 13. Bh6 Nxf3+ 14. Bxf3 e5 15.
dxe6 fxe6 16. Rad1 Bxh6 17. Qxh6 Qe7 18. Rd3 Bc6 19. Ra1 Ra7 20. h4 Qg7 21. Qg5
h6 22. Qg3 Raf7 23. Rd2 Bd7 24. Rad1 g5 25. hxg5 hxg5 26. Bh5 Rf4 27. Bxe8 Bxe8
28. Rf1 Qe5 29. Qd3 Rh4 30. g3 Rh3 31. Kg2 Qh8 32. Rg1 Rh2+ 33. Kf1 Qe5 34. Ke1
d5 35. f4 Rxd2 36. Kxd2 Qg7 37. exd5 gxf4 38. Rf1 fxg3 39. Rxf8+ Kxf8 40. Qf1+
Ke7 41. d6+ Kxd6 42. Qxa6 Qh6+ 43. Ke1 Qc1+ 44. Nd1 Bh5 45. Qxb6+ Kd7 46. Qb5+
Kd8 47. Qb6+ Kd7 48. Qb5+ Kd6 49. Qb6+ Kd7 1/2-1/2

[Event "OLNN 1920 Lübecker SV - SK Doppelbauer"]
[Site "?"]
[Date "2019.09.29"]
[Round "1.2"]
[White "Svane, Frederik"]
[Black "Beeck, Mats"]
[Result "1-0"]
[WhiteElo "2360"]
[BlackElo "2103"]
[PlyCount "103"]
[EventDate "2019.??.??"]

1. e4 e5 2. Nf3 Nc6 3. Bc4 Bc5 4. b4 Bxb4 5. c3 Ba5 6. d4 d6 7. O-O Bb6 8. dxe5
dxe5 9. Qxd8+ Nxd8 10. Nxe5 Be6 11. Nd2 Ne7 12. Ba3 Bxc4 13. Ndxc4 Ne6 14. Rad1
Bc5 15. Bb4 f6 16. Nf3 Nc6 17. Bxc5 Nxc5 18. Nd4 Ne7 19. Nb5 Ne6 20. Rfe1 a6
21. Nd4 Nxd4 22. cxd4 O-O-O 23. f3 Rhe8 24. a4 Nc6 25. d5 Ne5 26. Ne3 Nf7 27.
Nf5 g6 28. Nd4 Rd7 29. g4 Ne5 30. Kg2 c6 31. Ne6 Nd3 32. Rxd3 Rxe6 33. Rc3 Red6
34. Rec1 Kc7 35. a5 Re7 36. Kg3 Kd7 37. Rb1 cxd5 38. Rxb7+ Ke8 39. Rc8+ Kf7 40.
Rb6 Rxb6 41. axb6 Ke6 42. exd5+ Kxd5 43. Ra8 Rb7 44. Rxa6 Kc6 45. Kf4 h6 46. h4
Kb5 47. Ra1 Kc5 48. Rb1 Kd5 49. h5 gxh5 50. gxh5 Ke6 51. Rb2 f5 52. Rb5 1-0

[Event "OLNN 1920 Lübecker SV - SK Doppelbauer"]
[Site "?"]
[Date "2019.09.29"]
[Round "1.3"]
[White "Wanner, Lukas"]
[Black "Riess, Alexander"]
[Result "1/2-1/2"]
[WhiteElo "2107"]
[BlackElo "2313"]
[PlyCount "36"]
[EventDate "2019.??.??"]

1. c4 e5 2. g3 Nf6 3. Bg2 d5 4. cxd5 Nxd5 5. Nc3 Nxc3 6. bxc3 Nc6 7. d3 Bc5 8.
Qc2 O-O 9. Nf3 h6 10. O-O Rb8 11. Rb1 b6 12. Nd2 Bb7 13. Nc4 Qf6 14. Be3 Bxe3
15. Nxe3 Na5 16. Bxb7 Nxb7 17. Qa4 a5 18. Qc4 Nc5 1/2-1/2

[Event "OLNN 1920 Lübecker SV - SK Doppelbauer"]
[Site "?"]
[Date "2019.09.29"]
[Round "1.4"]
[White "Kololli, Martin"]
[Black "Rieper, Julian"]
[Result "1-0"]
[WhiteElo "2310"]
[BlackElo "2105"]
[PlyCount "89"]
[EventDate "2019.??.??"]

1. f4 e6 2. Nf3 Nf6 3. g3 c5 4. Bg2 Nc6 5. O-O Be7 6. d3 d5 7. Qe1 b6 8. c3 Ba6
9. Ne5 Nxe5 10. fxe5 Ng4 11. d4 Bg5 12. Bxg5 Qxg5 13. Rf4 Qh5 14. h4 g5 15. Rf3
Rg8 16. Nd2 gxh4 17. gxh4 Nh6 18. Qf2 Qg4 19. Kh2 cxd4 20. cxd4 Qh5 21. Kg1 Rg4
22. Rh3 Qg6 23. Rc1 Nf5 24. e3 Ng3 25. Rxg3 Rxg3 26. Kh2 Rxg2+ 27. Qxg2 Kd7 28.
Qxg6 hxg6 29. Kg3 Bd3 30. Nf3 Bc4 31. b3 Bd3 32. Ng5 Rf8 33. Nh7 Rb8 34. Kg4
Kd8 35. Kg5 Rb7 36. Kf6 Bb5 37. Ng5 Be8 38. Rc2 a5 39. a3 b5 40. Rc5 Ra7 41. e4
a4 42. b4 Rd7 43. exd5 exd5 44. e6 Rd6 45. Nxf7+ 1-0